Представление документа в формате RUSMARC

ПолеНазваниеЗначение
  Тип записи a
  Библиографический уровень m
001 Контрольный номер RU/IS/BASE/415896520
005 Дата корректировки 20201206204845.9
010 Индекс ISBN __
a ISBN 978-5-373-04752-4
d Цена 1002-10; 921-91
101 Язык документа 0_
a Язык текста rus
200 Заглавие и сведения об ответственности 1_
a Заглавие Увидеть русский бунт
f Первые сведения об ответственности Алексей Иванов ; [фот.: Константин Кокошкин и др.]
b Общее обозначение материала Текст
210 Выходные данные __
a Место издания М.
c Издательство ОЛМА Медиа Групп
d Дата издания 2012
215 Физическое описание __
a Объем 317, [3] с.
c Иллюстрации/тип воспроизводства фот.
330 Аннотация __
a Аннотация О пугачевском восстании знают все, и в то же время не знает никто. Ни одно объяснение не объясняет всей истории бунта. В XVIII веке российская власть расценила пугачевщину как криминал, XIX век счел ее войной черни против знати, для советских историков пугачевщина стала борьбой эксплуатируемых с эксплуататорами. Автор, рассматривая историческое событие с учетом территориальных особенностей, дает читателю уникальную возможность не только увидеть русский бунт, но и прочувствовать его. Алексей Иванов – один из самых известных и востребованных писателей нашего времени, лауреат многих литературных премий. Он более известен как автор художественных произведений, но в последние годы обратился и к исторической тематике.
600 Персоналии __
a Персоналии (Фамилия) Пугачев, Е.
f Даты 1740 или 1742-1775
606 Тематические рубрики __
a Основная рубрика История
z Хронологическая подрубрика 1773-1775 гг.; 18 в. 2-я пол.
606 Тематические рубрики __
a Основная рубрика Россия в XVIII в. - 1917 г.
610 Ключевые слова __
a Ключевые слова крестьянские войны; пугачевский бунт; исторические события; пугачевщина
686 Индексы других классификаций __
a Классификационный индекс 63.3(2)513-422
700 Автор _1
a Фамилия Иванов
b Имя А. В.
g Полное личное имя Алексей Викторович
4 Код отношения 070
702 Вторичная интеллектуальная ответственность _1
a Фамилия Кокошкин
b Имя К.
4 Код отношения Фотограф
4 Код отношения 600
702 Вторичная интеллектуальная ответственность _1
a Фамилия Зайцева
b Имя Ю.
4 Код отношения Фотограф
4 Код отношения 600
702 Вторичная интеллектуальная ответственность _1
a Фамилия Иванов
b Имя В.
4 Код отношения Фотограф
4 Код отношения 600
702 Вторичная интеллектуальная ответственность _1
a Фамилия Чибилев
b Имя А.
4 Код отношения Фотограф
4 Код отношения 600
702 Вторичная интеллектуальная ответственность _1
a Фамилия Кочетов
b Имя Д.
4 Код отношения Фотограф
4 Код отношения 600
702 Вторичная интеллектуальная ответственность _1
a Фамилия Галиева
b Имя Н.
4 Код отношения Фотограф
4 Код отношения 600
702 Вторичная интеллектуальная ответственность _1
a Фамилия Шуптара
b Имя В.
4 Код отношения Фотограф
4 Код отношения 600
801 Источник записи _0
a Страна RU
b Организация Муниципальное бюджетное учреждение культуры "Централизованная библиотечная система" г. Сургут (Центральная городская библиотека им. А. С. Пушкина)
g Правила каталогизации КиК/Котельникова
801 Источник записи _1
a Страна RU
b Организация Муниципальное бюджетное учреждение культуры "Централизованная библиотечная система" г. Сургут (Центральная городская библиотека им. А. С. Пушкина)
g Правила каталогизации КиК/Котельникова
852 Данные о местонахождении __
j Шифр хранения 63.3(2)513-422
i Авторский знак И 20
901 Тип документа __
t Тип документа m
903 Характеристики (МАРС) __
a Дата передачи 20130523; 20130306
969 Тип издания __
a Тип издания научно-популярное издание
990 Данные о заказе (DOS) __
j Количество экземпляров (DOS) 1; 1
t N записи в КСУ для И/У (DOS) 201306; 201303